000 00698nam a2200241Ia 4500
003 OSt
005 20221006164933.0
006 a|||||r|||| 00| 0
007 ta
008 221006b |||||||| |||| 00| 0 hin d
024 _a4,480
037 _cTextual
040 _aFML
_cFML
_bhin
041 _2hin
_ahin
082 _aNR44:g(Y15), Q3
100 _aChaudhry Parag Ed.
_9678722
245 0 _aBharatiya Sangeet Main Mahilao Ka Yoogdan
260 _aAurangabad
_bChinmaya Prakashan India
_c2013
300 _a267
_ccm.
700 _a Dodake Dileep Ed.
_9678723
942 _hNR44:g(Y15), Q3
_cTEXL
_2CC
999 _c1119003
_d1119003